FIS Alpine Ski World Cup Champions Downhill Men - Statistics

General Stats
  • This quiz has been taken 263 times
    9 since last reset
  • The average score is 25 of 62
Answer Stats
Years Answer % Correct
2023-24 Marco Odermatt
88%
2024-25 Marco Odermatt
88%
2025-26 Marco Odermatt
88%
2021-22 Aleksander Aamodt Kilde
75%
2022-23 Aleksander Aamodt Kilde
75%
1999-00 Hermann Maier
75%
2000-01 Hermann Maier
75%
2012-13 Aksel Lund Svindal
63%
2013-14 Aksel Lund Svindal
63%
1974-75 Franz Klammer
63%
1975-76 Franz Klammer
63%
1976-77 Franz Klammer
63%
1977-78 Franz Klammer
63%
1982-83 Franz Klammer
63%
1986-87 Pirmin Zurbriggen
63%
1987-88 Pirmin Zurbriggen
63%
2017-18 Beat Feuz
50%
2018-19 Beat Feuz
50%
2019-20 Beat Feuz
50%
2020-21 Beat Feuz
50%
2006-07 Didier Cuche
50%
2007-08 Didier Cuche
50%
2009-10 Didier Cuche
50%
2010-11 Didier Cuche
50%
1967 Jean Claude Killy
50%
1988-89 Marc Girardelli
50%
1993-94 Marc Girardelli
50%
2001-02 Stephan Eberharter
50%
2002-03 Stephan Eberharter
50%
2003-04 Stephan Eberharter
50%
1970-71 Bernhard Russi
38%
1971-72 Bernhard Russi
38%
1968-69 Karl Schranz
38%
1969-70 Karl Schranz
38%
2014-15 Kjetil Jansrud
38%
1998-99 Lasse Kjus
38%
1994-95 Luc Alphand
38%
1995-96 Luc Alphand
38%
1996-97 Luc Alphand
38%
2004-05 Michael Walchhofer
38%
2005-06 Michael Walchhofer
38%
2008-09 Michael Walchhofer
38%
2015-16 Peter Fill
38%
2016-17 Peter Fill
38%
1990-91 Franz Heinzer
25%
1991-92 Franz Heinzer
25%
1992-93 Franz Heinzer
25%
2011-12 Klaus Kröll
25%
1997-98 Andreas Schifferer
13%
1978-79 Peter Müller
13%
1979-80 Peter Müller
13%
1981-82 Peter Müller
13%
1972-73 Roland Collombin
13%
1973-74 Roland Collombin
13%
1981-82 Steve Podborski
13%
1968 Gerhard Nenning
0%
1980-81 Harti Weirather
0%
1984-85 Helmut Höflehner
0%
1989-90 Helmut Höflehner
0%
1969-70 Karl Cordin
0%
1985-86 Peter Wirnsberger
0%
1983-84 Urs Räber
0%
No matching quizzes found
Score Distribution
Percent of People with Each Score
Percentile by Number Answered
Your Score History
You have not taken this quiz since the last reset